000 00544nam a22001697a 4500
005 20251108170551.0
008 250721s2002 xx 000 0 ara d
082 1 4 _a811.9565009/صلي
100 1 _aخليفات، سحبان
245 1 0 _aرفعت الصليبي :
_bقصائد و مقالات 1916-1952 /
264 1 _aعمان :
_bدار الجيل العربي للنشر و التوزيع،
_c2002.
300 _a119ص.
650 1 7 _aالشعر العربي
650 1 7 _aتاريخ الأردن
942 _2ddc
_cBK
999 _c43668
_d43668